[Event "Baden-ch U14"]
[Site "Karlsruhe"]
[Date "2014.01.04"]
[Round "5"]
[White "Raitor, Sven"]
[Black "Riehle, Fabio"]
[Result "1/2-1/2"]
[WhiteElo "1199"]
[BlackElo "1195"]
[PlyCount "113"]
[EventDate "2014.01.??"]
[EventType "swiss"]
[EventRounds "7"]
[EventCountry "GER"]
[SourceTitle "EXT 2022"]
[Source "ChessBase"]
[SourceDate "2021.10.06"]
[SourceVersion "1"]
[SourceVersionDate "2021.10.06"]
[SourceQuality "1"]

1. d4 d5 2. e3 Nc6 3. Nf3 Nf6 4. Bb5 a6 5. Bxc6+ bxc6 6. Ne5 Bb7 7. Nc3 e6 8. Bd2 Bb4 9. a3 Ba5 10. Na4 Bxd2+ 11. Qxd2 Ne4 12. Qe2 0-0 13. 0-0-0 Qd6 14. f3 Nf6 15. Nc5 Bc8 16. g4 Nd7 17. Nexd7 Bxd7 18. h4 e5 19. Qh2 exd4 20. Qxd6 cxd6 21. Nxd7 Rfd8 22. Nb6 Rab8 23. Nxd5 cxd5 24. Rxd4 Rb5 25. Rhd1 Rdb8 26. Rxd5 Rxb2 27. Rxd6 h6 28. Rd8+ Kh7 29. Rxb8 Rxb8 30. Rd6 Re8 31. Rxa6 Rxe3 32. a4 Rxf3 33. a5 Ra3 34. Kb2 Ra4 35. Kb3 Ra1 36. c4 Rb1+ 37. Ka4 Ra1+ 38. Kb5 Rb1+ 39. Kc6 h5 40. g5 Kg6 41. Kc7+ Kf5 42. c5 Kg4 43. c6 Kxh4 44. Kc8 Kg3 45. c7 h4 46. Kd8 Rd1+ 47. Ke8 Rc1 48. g6 f6 49. Rb6 Rxc7 50. a6 Ra7 51. Rb7 Rxa6 52. Rxg7 Ra8+ 53. Kf7 Ra7+ 54. Kxf6 Ra6+ 55. Kg5 Ra5+ 56. Kf6 Ra6+ 57. Kf7 1/2-1/2

[Event "Baden-ch U14"]
[Site "Karlsruhe"]
[Date "2014.01.03"]
[Round "3"]
[White "Walter, Jannick"]
[Black "Riehle, Fabio"]
[Result "1-0"]
[WhiteElo "1392"]
[BlackElo "1195"]
[PlyCount "93"]
[EventDate "2014.01.??"]
[EventType "swiss"]
[EventRounds "7"]
[EventCountry "GER"]
[SourceTitle "EXT 2022"]
[Source "ChessBase"]
[SourceDate "2021.10.06"]
[SourceVersion "1"]
[SourceVersionDate "2021.10.06"]
[SourceQuality "1"]

1. e4 e5 2. Nf3 Nc6 3. d4 exd4 4. Bc4 Bc5 5. c3 Nf6 6. cxd4 Bb4+ 7. Bd2 Bxd2+ 8. Nbxd2 d5 9. exd5 Nxd5 10. 0-0 0-0 11. Re1 Be6 12. Ne4 Nf4 13. Bxe6 Nxe6 14. d5 Nf4 15. dxc6 Qe7 16. cxb7 Rab8 17. Qc2 Rxb7 18. Nc5 Rxb2 19. Qxb2 Qxc5 20. Qe5 Qc4 21. Re4 Qc6 22. Qxf4 a5 23. Rc4 Qe6 24. Qxc7 Qf6 25. Qe5 Qa6 26. Rg4 g6 27. Nd4 f6 28. Qe6+ Qxe6 29. Nxe6 Re8 30. Nf4 a4 31. Nd5 Kf7 32. Rxa4 Kg7 33. Ra7+ Kh6 34. Nxf6 Rh8 35. Rxh7+ Rxh7 36. Nxh7 Kxh7 37. a4 g5 38. Kf1 g4 39. Ke2 Kg6 40. Ra3 Kf5 41. Re3 Kg5 42. Kd3 Kf5 43. Kd4 Kg5 44. Ke5 Kh5 45. Kf4 Kh4 46. Re5 g3 47. fxg3# 1-0

[Event "GER-ch U25 op-B"]
[Site "Oberhof"]
[Date "2013.05.25"]
[Round "9"]
[White "Riehle, Fabio"]
[Black "Fischer, Elias"]
[Result "1/2-1/2"]
[WhiteElo "1167"]
[BlackElo "1452"]
[PlyCount "82"]
[EventDate "2013.05.19"]
[EventType "swiss"]
[EventRounds "9"]
[EventCountry "GER"]
[SourceTitle "CBM 154 Extra"]
[Source "ChessBase"]
[SourceDate "2013.06.25"]
[SourceVersion "2"]
[SourceVersionDate "2013.06.25"]
[SourceQuality "1"]

1. e4 e6 2. d4 d5 3. exd5 exd5 4. c4 Nf6 5. Nc3 c6 6. Bd3 Be6 7. b3 Bb4 8. Bd2 dxc4 9. bxc4 Qxd4 10. Qc2 Bxc4 11. Bxc4 Qxc4 12. Nge2 0-0 13. 0-0 Re8 14. Rac1 Na6 15. Rfe1 Rad8 16. Bg5 Qe6 17. a4 Qe5 18. Bf4 Qa5 19. h3 Bxc3 20. Nxc3 Rxe1+ 21. Rxe1 Nd5 22. Qe4 Nf6 23. Qe3 Qc5 24. Ne4 Qxe3 25. Nxf6+ gxf6 26. Rxe3 h5 27. Re7 Nc5 28. Be3 Nxa4 29. Rxb7 a5 30. Ra7 Nb2 31. Bb6 Rd1+ 32. Kh2 a4 33. Ra6 Rd5 34. Bc7 Rc5 35. Bd6 Rc2 36. f3 c5 37. Kg3 c4 38. Ba3 c3 39. Bb4 Rc1 40. Rc6 Kg7 41. Bxc3 Nd3 1/2-1/2

[Event "GER-ch Net qual2 U14"]
[Site "Playchess.com INT"]
[Date "2012.09.05"]
[Round "5"]
[White "Riehle, Fabio"]
[Black "Wastian, Mareike"]
[Result "1-0"]
[WhiteElo "1195"]
[BlackElo "1463"]
[PlyCount "99"]
[EventDate "2012.09.05"]
[EventType "swiss (blitz)"]
[EventRounds "7"]
[EventCountry "GER"]
[SourceTitle "CBM 150 Extra"]
[Source "ChessBase"]
[SourceDate "2012.10.19"]
[SourceVersion "1"]
[SourceVersionDate "2012.10.19"]
[SourceQuality "1"]

1. e4 c6 2. Nf3 d5 3. exd5 cxd5 4. Nc3 Nf6 5. d4 Nc6 6. Bb5 e6 7. Bg5 Bd6 8. 0-0 0-0 9. Re1 Qe7 10. a3 a6 11. Ba4 b5 12. Bb3 a5 13. a4 b4 14. Nb5 Ba6 15. Nxd6 Qxd6 16. Bxf6 gxf6 17. Nh4 Kh8 18. Qg4 Rg8 19. Qh3 Rg7 20. Re3 Rag8 21. Rae1 Nxd4 22. Ba2 Nxc2 23. Rxe6 Qf8 24. Re8 Qd6 25. Rxg8+ Kxg8 26. Rd1 Qe5 27. Bxd5 Qe2 28. Bxf7+ Rxf7 29. Qg3+ Rg7 30. Rd8+ Kf7 31. Qc7+ Qe7 32. Rd7 Kg8 33. Rxe7 Rxe7 34. Qxe7 Nd4 35. Qd8+ Kf7 36. Qxd4 Bc8 37. Qd5+ Ke7 38. Nf5+ Ke8 39. Qc5 Bxf5 40. Qxf5 Ke7 41. Kf1 Kd6 42. Ke2 b3 43. Kd3 Kc6 44. Kc4 Kd6 45. Kd4 Ke7 46. Kd5 Kf7 47. Kd6 Kg7 48. Ke6 Kg8 49. Kxf6 Kf8 50. Qc8# 1-0

[Event "GER-ch U25 op-B"]
[Site "Oberhof"]
[Date "2012.06.01"]
[Round "8"]
[White "Lohrmann, Linus"]
[Black "Riehle, Fabio"]
[Result "0-1"]
[WhiteElo "824"]
[BlackElo "1129"]
[PlyCount "52"]
[EventDate "2012.05.27"]
[EventType "swiss"]
[EventRounds "9"]
[EventCountry "GER"]
[SourceTitle "CBM 148 Extra"]
[Source "ChessBase"]
[SourceDate "2012.06.22"]
[SourceVersion "1"]
[SourceVersionDate "2012.06.22"]
[SourceQuality "1"]

1. e4 e5 2. Nf3 Nc6 3. Bb5 Nf6 4. Nc3 Bc5 5. 0-0 a6 6. Bc4 d6 7. d3 b5 8. Bd5 Nxd5 9. exd5 Ne7 10. Bg5 Bg4 11. Qd2 f6 12. Ne4 Bxf3 13. Nxc5 dxc5 14. gxf3 fxg5 15. Qxg5 0-0 16. Qxe5 Rf5 17. Qe6+ Kh8 18. Qe4 Qf8 19. d6 cxd6 20. c3 d5 21. Qe3 d4 22. Qe4 Rg5+ 23. Kh1 dxc3 24. bxc3 c4 25. dxc4 bxc4 26. Qxc4 Qxf3# 0-1

[Event "GER-ch U25 op-B"]
[Site "Oberhof"]
[Date "2012.05.31"]
[Round "7"]
[White "Abicht, Aruna Sophia"]
[Black "Riehle, Fabio"]
[Result "1-0"]
[WhiteElo "892"]
[BlackElo "1129"]
[PlyCount "109"]
[EventDate "2012.05.27"]
[EventType "swiss"]
[EventRounds "9"]
[EventCountry "GER"]
[SourceTitle "CBM 148 Extra"]
[Source "ChessBase"]
[SourceDate "2012.06.22"]
[SourceVersion "1"]
[SourceVersionDate "2012.06.22"]
[SourceQuality "1"]

1. e4 e5 2. Nf3 Nc6 3. Nc3 Nf6 4. d4 exd4 5. Nxd4 Bb4 6. Nxc6 bxc6 7. Bd3 d5 8. exd5 cxd5 9. 0-0 0-0 10. a3 Ba5 11. b4 Bb6 12. Bf4 Bd4 13. Qd2 Ne4 14. Bxe4 dxe4 15. Be3 Bxc3 16. Qxc3 Ba6 17. Rfd1 Qe7 18. Bc5 Qf6 19. Qxf6 gxf6 20. Bxf8 Kxf8 21. Rd2 Ke7 22. Re1 Bb7 23. c4 a5 24. b5 c6 25. b6 c5 26. f3 f5 27. fxe4 Bxe4 28. Kf2 Rg8 29. g3 Kf6 30. Rd7 Kg5 31. h3 f4 32. Rxe4 fxg3+ 33. Kxg3 Kf5+ 34. Kf3 Rg1 35. b7 Rf1+ 36. Kg3 Rb1 37. Ree7 Kg5 38. Rd8 Kf6 39. b8Q Rxb8 40. Rxb8 Kxe7 41. Rb6 h6 42. Kg4 h5+ 43. Kxh5 f5 44. Kg5 f4 45. Kxf4 a4 46. Ke5 Kd7 47. Kd5 Kc7 48. Rd6 Kb7 49. Rc6 Kb8 50. Kxc5 Kb7 51. Kb5 Ka7 52. Rb6 Ka8 53. Kc6 Ka7 54. Kc7 Ka8 55. Ra6# 1-0

[Event "GER-chB U25"]
[Site "Oberhof"]
[Date "2011.06.18"]
[Round "9"]
[White "Riehle, Fabio"]
[Black "Hoffmann, Rasmus"]
[Result "0-1"]
[WhiteElo "808"]
[BlackElo "990"]
[PlyCount "124"]
[EventDate "2011.06.11"]
[EventType "swiss"]
[EventRounds "9"]
[EventCountry "GER"]
[SourceTitle "CBM 142 Extra"]
[Source "ChessBase"]
[SourceDate "2011.06.27"]
[SourceVersion "1"]
[SourceVersionDate "2011.06.27"]
[SourceQuality "1"]

1. e4 c5 2. Nf3 d6 3. d4 cxd4 4. Nxd4 Nf6 5. Nc3 a6 6. Be3 e5 7. Nf5 Bxf5 8. exf5 Qd7 9. Nd5 Nxd5 10. Qxd5 Nc6 11. Bd3 Be7 12. Qf3 0-0 13. Qg4 Bf6 14. 0-0-0 Ne7 15. Be4 d5 16. Rhe1 Qc6 17. Bg5 dxe4 18. Re2 Bxg5+ 19. Qxg5 f6 20. Qg4 Qc8 21. Re3 Qxf5 22. Rg3 Qxg4 23. Rxg4 e3 24. fxe3 Nf5 25. Re1 Rfd8 26. e4 Ne7 27. Re3 Nc6 28. Reg3 Rd7 29. Rd3 Rxd3 30. cxd3 Rd8 31. Rg3 Nb4 32. Kd2 Nxa2 33. Re3 Nb4 34. g3 h5 35. h4 Kh7 36. Kc3 a5 37. b3 Kh6 38. Kc4 g5 39. hxg5+ Kxg5 40. Rf3 Rd6 41. Re3 Nc2 42. Rf3 Kg4 43. Rf2 Kxg3 44. Rxc2 Rc6+ 45. Kb5 Rxc2 46. Kxa5 Rc3 47. b4 Rxd3 48. b5 Rb3 49. Kb6 h4 50. Kc5 h3 51. Kb6 h2 52. Kxb7 Rxb5+ 53. Kc6 h1Q 54. Kxb5 Qxe4 55. Kb6 Qd5 56. Kc7 Qe6 57. Kb8 Qd7 58. Ka8 Kf4 59. Kb8 Ke4 60. Ka8 Kd5 61. Kb8 Kc6 62. Ka8 Qb7# 0-1

[Event "GER-chB U25"]
[Site "Oberhof"]
[Date "2011.06.16"]
[Round "7"]
[White "Riehle, Fabio"]
[Black "Lilienthal, Niels Bennett"]
[Result "1-0"]
[WhiteElo "808"]
[BlackElo "853"]
[PlyCount "25"]
[EventDate "2011.06.11"]
[EventType "swiss"]
[EventRounds "9"]
[EventCountry "GER"]
[SourceTitle "CBM 142 Extra"]
[Source "ChessBase"]
[SourceDate "2011.06.27"]
[SourceVersion "1"]
[SourceVersionDate "2011.06.27"]
[SourceQuality "1"]

1. e4 e5 2. Nf3 Nc6 3. d4 exd4 4. Bc4 Nf6 5. Bg5 h6 6. e5 hxg5 7. Nxg5 Rh5 8. Bxf7+ Ke7 9. Bxh5 Nxh5 10. Qxh5 Nxe5 11. 0-0 d6 12. Re1 Bf5 13. Qf7# 1-0

[Event "GER-chB U25"]
[Site "Oberhof"]
[Date "2011.06.12"]
[Round "2"]
[White "Scholz, Richard"]
[Black "Riehle, Fabio"]
[Result "1-0"]
[WhiteElo "1097"]
[BlackElo "808"]
[PlyCount "149"]
[EventDate "2011.06.11"]
[EventType "swiss"]
[EventRounds "9"]
[EventCountry "GER"]
[SourceTitle "CBM 142 Extra"]
[Source "ChessBase"]
[SourceDate "2011.06.27"]
[SourceVersion "1"]
[SourceVersionDate "2011.06.27"]
[SourceQuality "1"]

1. e4 e5 2. Nf3 Nc6 3. Bb5 Nd4 4. Nxd4 exd4 5. c3 c6 6. Bc4 Bc5 7. d3 Qf6 8. f4 dxc3 9. Nxc3 Qh4+ 10. g3 Qh3 11. Qe2 Ne7 12. Bd2 d6 13. 0-0-0 Bg4 14. Qf1 Qxf1 15. Rdxf1 Bh3 16. Re1 Bg2 17. Rhg1 Bxg1 18. Rxg1 Bh3 19. g4 h5 20. gxh5 Rxh5 21. Rxg7 Be6 22. Bxe6 fxe6 23. f5 0-0-0 24. Rxe7 Rxh2 25. fxe6 Rf8 26. Rf7 Rh1+ 27. Nd1 Rf1 28. Rxf1 Rxf1 29. e7 Kd7 30. Bg5 Rg1 31. Be3 Rg7 32. Bxa7 Kxe7 33. Bb8 Rg5 34. Ne3 d5 35. Bf4 Rg1+ 36. Kc2 d4 37. Nf5+ Kf6 38. Nxd4 Rf1 39. e5+ Kf7 40. e6+ Ke8 41. Bd6 Rf2+ 42. Kc3 Rf6 43. Kb4 Rf2 44. b3 Rxa2 45. Nf5 Rg2 46. e7 Rg5 47. Nd4 Rg6 48. Bc5 b6 49. Bxb6 Kxe7 50. Kc5 Kd7 51. Nf3 Rh6 52. Ba5 Rh5+ 53. Kb6 c5 54. d4 Rh3 55. Ne5+ Kc8 56. dxc5 Rxb3+ 57. Ka6 Rb2 58. c6 Rb3 59. c7 Rb2 60. Nc6 Rb3 61. Ne7+ Kd7 62. c8Q+ Kxe7 63. Qc4 Rb8 64. Qc7+ Ke8 65. Qxb8+ Ke7 66. Qc7+ Kf6 67. Qd6+ Kf5 68. Kb5 Ke4 69. Qe6+ Kd4 70. Qf5 Ke3 71. Bc3 Ke2 72. Qh3 Kf2 73. Bd4+ Ke2 74. Qe3+ Kf1 75. Qf2# 1-0

[Event "GER-ch Net qual3 U14"]
[Site "Playchess.com INT"]
[Date "2011.05.08"]
[Round "3"]
[White "Riehle, Fabio"]
[Black "Philipp, Mathias"]
[Result "1-0"]
[WhiteElo "1044"]
[BlackElo "1430"]
[PlyCount "33"]
[EventDate "2011.05.08"]
[EventType "swiss (blitz)"]
[EventRounds "7"]
[EventCountry "GER"]
[SourceTitle "CBM 142 Extra"]
[Source "ChessBase"]
[SourceDate "2011.06.27"]
[SourceVersion "1"]
[SourceVersionDate "2011.06.27"]
[SourceQuality "1"]

1. e4 e5 2. Nf3 Nc6 3. d3 Bc5 4. d4 exd4 5. Ng5 Nf6 6. Bc4 0-0 7. Qf3 h6 8. Qg3 Nb4 9. Na3 c6 10. Nxf7 Rxf7 11. Bxh6 d5 12. exd5 cxd5 13. 0-0 dxc4 14. Nxc4 Kh7 15. Ne5 gxh6 16. Qg6+ Kh8 17. Nxf7# 1-0

[Event "GER-ch Net qual3 U14"]
[Site "Playchess.com INT"]
[Date "2011.05.08"]
[Round "6"]
[White "Riehle, Fabio"]
[Black "Scholz, Sebastian"]
[Result "0-1"]
[WhiteElo "1044"]
[BlackElo "1500"]
[PlyCount "38"]
[EventDate "2011.05.08"]
[EventType "swiss (blitz)"]
[EventRounds "7"]
[EventCountry "GER"]
[SourceTitle "CBM 142 Extra"]
[Source "ChessBase"]
[SourceDate "2011.06.27"]
[SourceVersion "1"]
[SourceVersionDate "2011.06.27"]
[SourceQuality "1"]

1. e4 e5 2. Nf3 Nc6 3. d4 f6 4. dxe5 fxe5 5. Bc4 Bc5 6. Ng5 Nh6 7. Qf3 Rf8 8. Qh5+ Ke7 9. Be3 Bxe3 10. fxe3 Qe8 11. Qxe8+ Kxe8 12. Nxh7 Rh8 13. Ng5 Ng4 14. h3 Nxe3 15. Nf7 Rf8 16. Ng5 Nxc2+ 17. Kd2 Nxa1 18. Rf1 Rxf1 19. Bxf1 d6 0-1

[Event "GER-ch Net qual1 U14"]
[Site "Playchess.com INT"]
[Date "2011.05.01"]
[Round "6"]
[White "Riehle, Fabio"]
[Black "Roessel, Louis"]
[Result "0-1"]
[WhiteElo "1065"]
[BlackElo "1483"]
[PlyCount "128"]
[EventDate "2011.05.01"]
[EventType "swiss (blitz)"]
[EventRounds "7"]
[EventCountry "GER"]
[SourceTitle "CBM 142 Extra"]
[Source "ChessBase"]
[SourceDate "2011.06.27"]
[SourceVersion "1"]
[SourceVersionDate "2011.06.27"]
[SourceQuality "1"]

1. e4 d5 2. Qe2 dxe4 3. Qxe4 Nf6 4. Qe3 Nc6 5. Bc4 e6 6. Nf3 h6 7. 0-0 Nb4 8. Na3 Nbd5 9. Bxd5 Qxd5 10. c4 Qd7 11. Ne5 Qd8 12. c5 b6 13. cxb6 axb6 14. Qd3 Qxd3 15. Nxd3 Ba6 16. Re1 Bxd3 17. Re3 Bxa3 18. bxa3 Bg6 19. Bb2 0-0 20. Bxf6 gxf6 21. Rg3 Rad8 22. h4 Kh7 23. Rc1 Rxd2 24. Rc4 Rxa2 25. Rcg4 Ra1+ 26. Kh2 c5 27. h5 Bf5 28. Rg7+ Kh8 29. a4 Rxa4 30. Kg1 Rg4 31. R7xg4 Bxg4 32. Rxg4 Rd8 33. Kf1 Rb8 34. Ke1 b5 35. Kd2 b4 36. Kc2 b3+ 37. Kb2 f5 38. Rf4 Kg7 39. Rf3 c4 40. Rg3+ Kf6 41. f4 e5 42. fxe5+ Kxe5 43. Re3+ Kf6 44. Rc3 Rc8 45. g3 Kg5 46. g4 Kxg4 47. Ka3 f4 48. Kb2 f3 49. Re3 Kg3 50. Re7 f2 51. Rxf7 Kg2 52. Rg7+ Kf3 53. Rf7+ Ke2 54. Re7+ Kf1 55. Rd7 Rg8 56. Kc3 Kg2 57. Kxc4 f1Q+ 58. Kxb3 Rb8+ 59. Kc3 Qf3+ 60. Rd3 Qxh5 61. Rd2+ Kg3 62. Rd3+ Qf3 63. Rxf3+ Kxf3 64. Kc4 Rd8 0-1

[Event "GER-ch Net qual1 U14"]
[Site "Playchess.com INT"]
[Date "2011.05.01"]
[Round "5"]
[White "Riehle, Fabio"]
[Black "Zimmermann, Felix"]
[Result "0-1"]
[WhiteElo "1065"]
[BlackElo "1252"]
[PlyCount "150"]
[EventDate "2011.05.01"]
[EventType "swiss (blitz)"]
[EventRounds "7"]
[EventCountry "GER"]
[SourceTitle "CBM 142 Extra"]
[Source "ChessBase"]
[SourceDate "2011.06.27"]
[SourceVersion "1"]
[SourceVersionDate "2011.06.27"]
[SourceQuality "1"]

1. e4 d5 2. exd5 Nf6 3. Nf3 Nxd5 4. Bc4 Nf6 5. Ng5 e6 6. Qe2 h6 7. Nf3 Nc6 8. 0-0 Bc5 9. Ne5 Nxe5 10. Qxe5 0-0 11. Qxc5 Ne4 12. Qa3 Qd4 13. Qd3 Rd8 14. Qxd4 Rxd4 15. Bd3 Nc5 16. Na3 Nxd3 17. cxd3 Rxd3 18. Nb5 c6 19. Nc7 Rb8 20. Ne8 Bd7 21. Nc7 Rc8 22. Nxe6 Bxe6 23. Re1 Rcd8 24. Re2 Bg4 25. f3 Bf5 26. Re5 Be6 27. Ra5 a6 28. Re5 R8d5 29. Rxd5 Rxd5 30. a4 Rd4 31. b3 Bxb3 32. Bb2 Rxd2 33. Bc1 Ra2 34. Rb1 Bxa4 35. Bf4 b5 36. Bd6 Rd2 37. Bc5 Rd1+ 38. Rxd1 Bxd1 39. Kf1 Bb3 40. Ke1 a5 41. Kd2 a4 42. Kc3 Bd5 43. Kb2 f6 44. Ka3 Kf7 45. Kb4 Ke6 46. g4 Bxf3 47. h4 Bxg4 48. h5 Bxh5 49. Bf8 g5 50. Bc5 g4 51. Bf8 g3 52. Bxh6 g2 53. Be3 Ke5 54. Kc3 f5 55. Kd3 f4 56. Bf2 f3 57. Ke3 a3 58. Kd2 a2 59. Bd4+ Kxd4 60. Kc2 Bg6+ 61. Kb2 a1B+ 62. Kxa1 g1Q+ 63. Ka2 Qg2+ 64. Ka3 Qc2 65. Kb4 Qc4+ 66. Ka5 Qb3 67. Kb6 c5 68. Kc6 Be8+ 69. Kd6 Qd5+ 70. Ke7 Qd7+ 71. Kf6 Ke4 72. Kg5 Qg7+ 73. Kh4 Qg1 74. Kh3 Bd7+ 75. Kh4 Qg4# 0-1